000 00327nam a22001457a 4500
020 _a81-7014-780-8
041 _aENG
100 _aMaheshwari.S.N
245 _aManagement Accounting and Financial Analysis
250 _a3rd
260 _aNew Delhi
_bSultan Chand & Sons
_c2000
300 _aG-26
650 _aGAE
856 _uGAE
999 _c676
_d676